Guess All Countries That Officially Use ___ Language #2 - Statistics

General Stats
  • This quiz has been taken 119 times
  • The average score is 19 of 21
Answers on the Map
Answers color-coded by a green-red scale on the quiz's map according to % correct below.
 
Answer Stats
Hint Answer % Correct
Official Spain
100%
Official Argentina
98%
Co-Official Mexico
98%
Official Chile
96%
Official Panama
95%
Co-Official Peru
95%
Official Uruguay
95%
Official Colombia
94%
Co-Official Bolivia
93%
Co-Official Paraguay
93%
Official Venezuela
93%
Official Cuba
92%
Official Ecuador
92%
Official Costa Rica
91%
Official Honduras
91%
Official El Salvador
90%
Official Guatemala
89%
Official Nicaragua
89%
Official Dominican Republic
86%
Co-Official Equatorial Guinea
67%
Creole Languages Philippines
55%
No matching quizzes found
Score Distribution
Percent of People with Each Score
Percentile by Number Answered
Your Score History
You have not taken this quiz